| 000 -ლიდერი |
| ფიქსირებული სიგრძის საკონტროლო ველი |
01189nam a22002297a 4500 |
| 003 - საკონტროლო ნომრის იდენტიფიკატორი |
| საკონტროლო ველი |
Ge_BSU |
| 005 - ბოლო ოპერაციის თარიღი და დრო |
| საკონტროლო ველი |
20221027155247.0 |
| 008 - ფიქსირებული სიგრძის მონაცემთა ელემენტები - ზოგადი ინფორმაცია |
| ფიქსირებული სიგრძის საკონტროლო ველი |
221027s2002 ge ||||| |||| 00| 0 geo d |
| 020 ## - წიგნის საერთაშორისო სტანდარტული ნომერი |
| International Standard Book Number |
9992891033 |
| 041 ## - ენის კოდი |
| Language code of text/sound track or separate title |
geo |
| 080 ## - უნივერსალური ათობითი კლასიფიკაციის ინდექსი |
| Universal Decimal Classification number |
336.22+342.743(479.22) რ-72 |
| 100 ## - მთავარი ჩანაწერი - პიროვნების სახელი |
| Personal name |
როგავა, ზვიად |
| 9 (RLIN) |
9239 |
| 245 ## - ცნობა სათაურის შესახებ |
| Title |
გადასახადები, საგადასახადო სისტემა და საგადასახადო სამართალი / |
| Statement of responsibility, etc |
ზვიად როგავა, [რედ.: გივი გამსახურდია]. |
| 264 ## - წარმოების, გამოცემის, დისტრიბუციის და სხვა ცნობები |
| გამოცემის, წარმოების, დისტრიბუციის... ადგილი |
თბილისი : |
| გამოცემის, წარმოების, დისტრიბუციის... სახელწოდება |
ბაკმი, |
| გამოცემის, წარმოების, დისტრიბუციის... თარიღი |
2002. |
| 300 ## - ფიზიკური აღწერა |
| Extent |
640 გვ. ; |
| Other physical details |
24 სმ. |
| 653 ## - INDEX TERM--UNCONTROLLED |
| Uncontrolled term |
გადასახადები |
| 653 ## - INDEX TERM--UNCONTROLLED |
| Uncontrolled term |
საგადასახადო სისტემა საქართველოში. |
| 653 ## - INDEX TERM--UNCONTROLLED |
| Uncontrolled term |
საგადასახადო სამართალი |
| 653 ## - INDEX TERM--UNCONTROLLED |
| Uncontrolled term |
საქართველოს საგადასახადო სამართალი |
| 700 ## - ADDED ENTRY--PERSONAL NAME |
| Personal name |
გამსახურდია, გივი |
| Relator term |
რედაქტორი |
| 9 (RLIN) |
15599 |
| 942 ## - ADDED ENTRY ELEMENTS (KOHA) |
| Source of classification or shelving scheme |
|
| Koha item type |
წიგნი |